Battle of the North / (Record no. 2009)

MARC details
000 -LEADER
fixed length control field 01273cam a22003377a 4500
001 - CONTROL NUMBER
control field 2009
003 - CONTROL NUMBER IDENTIFIER
control field FISKH
005 - DATE AND TIME OF LATEST TRANSACTION
control field 20250327105507.0
008 - FIXED-LENGTH DATA ELEMENTS--GENERAL INFORMATION
fixed length control field 100831s2010 nyuab j 000 1 eng
010 ## - LIBRARY OF CONGRESS CONTROL NUMBER
LC control number 2010282329
020 ## - INTERNATIONAL STANDARD BOOK NUMBER
International Standard Book Number 9781416960850 (pbk.)
020 ## - INTERNATIONAL STANDARD BOOK NUMBER
International Standard Book Number 1416960856 (pbk.)
040 ## - CATALOGING SOURCE
Original cataloging agency DLC
Transcribing agency DLC
Language of cataloging eng
050 00 - LIBRARY OF CONGRESS CALL NUMBER
Classification number MLCS 2011/44422 (P)
082 ## - DEWEY DECIMAL CLASSIFICATION NUMBER
Classification number 940.5421
100 1# - MAIN ENTRY--PERSONAL NAME
Personal name James, Brian.
245 10 - TITLE STATEMENT
Title Battle of the North /
Statement of responsibility, etc. by Brian James ; illustrated by Shane L. Johnson.
260 ## - PUBLICATION, DISTRIBUTION, ETC.
Place of publication, distribution, etc. New York :
Name of publisher, distributor, etc. Simon Spotlight,
Date of publication, distribution, etc. 2010.
300 ## - PHYSICAL DESCRIPTION
Extent 64 pages :
Other physical details color illustrations ; map ;
Dimensions 20 cm
505 ## - FORMATTED CONTENTS NOTE
Formatted contents note P<br/><br/>
520 ## - SUMMARY, ETC.
Summary, etc. Citizens of all nations can learn about the infamous battle at the Northern Water Tribe and the struggle leading up to it, in this book chronicling the Water and Fire Nations' major fighters, armies, vehicles, weaponry, bending skills, and battle strategies.
521 8# - TARGET AUDIENCE NOTE
Target audience note 650<br/>
Source Lexile Adjusted<br/>
521 8# - TARGET AUDIENCE NOTE
Target audience note P<br/><br/>
Source Raz-Plus<br/>
650 ## - SUBJECT ADDED ENTRY--TOPICAL TERM
Topical term or geographic name entry element Battle
Form subdivision Fictions
651 ## - SUBJECT ADDED ENTRY--GEOGRAPHIC NAME
Geographic name The North
700 1# - ADDED ENTRY--PERSONAL NAME
Personal name Johnson, Shane L.
Relator term illustrations
730 0# - ADDED ENTRY--UNIFORM TITLE
Uniform title Last airbender (Motion picture)
730 0# - ADDED ENTRY--UNIFORM TITLE
Uniform title Avatar, the last airbender (Television program)
906 ## - LOCAL DATA ELEMENT F, LDF (RLIN)
a 7
b cbc
c origres
d 4
e ncip
f 20
g y-gencatlg
942 ## - ADDED ENTRY ELEMENTS (KOHA)
Source of classification or shelving scheme Dewey Decimal Classification
Koha item type Books
Suppress in OPAC No
Holdings
Withdrawn status Lost status Source of classification or shelving scheme Damaged status Not for loan Collection Home library Current library Shelving location Date acquired Total Checkouts Full call number Barcode Date last seen Date last checked out Price effective from Koha item type Copy number
    Dewey Decimal Classification     Fiction Footprints International School Library Network Toul Kork Campus Footprints International School Library Network Toul Kork Campus TK Primary Library Room(4th Floor), Bookcase 7, Shelves 57-60, Dark Green Books 10/27/2023 1 JAM 940.5421 MLCS 2011/44422 FISTK00063 12/09/2025 08/29/2025 10/27/2023 Books  
    Dewey Decimal Classification     Juvenile Fiction Footprints International School Library Network Toul Tom Poung Campus Footprints International School Library Network Toul Tom Poung Campus TTP Primary Green Bookshelves 03/27/2025 1 JAM 940.5421 MLCS 2011/44422 2025-0856 02/23/2026 02/10/2026 03/27/2025 Books 2